000 00349nam a2200157Ia 4500
003 Ost
005 20260225132551.0
008 260225s9999||||xx |||||||||||||| ||und||
040 _cfsic
041 _afre
082 _a70.4
100 _aCharles Chaplin
_eAuteur
245 0 _aHistoire de ma vie /
245 0 _cCharles Chaplin
942 _cكتاب
999 _c34159
_d34159